LEADER 05443nam 22006854a 450 001 9911019598603321 005 20200520144314.0 010 $a9786611312190 010 $a9781281312198 010 $a1281312193 010 $a9780470762196 010 $a0470762195 010 $a9780470996027 010 $a0470996021 010 $a9780470996010 010 $a0470996013 035 $a(CKB)1000000000413901 035 $a(EBL)351425 035 $a(OCoLC)437218679 035 $a(SSID)ssj0000242626 035 $a(PQKBManifestationID)11923080 035 $a(PQKBTitleCode)TC0000242626 035 $a(PQKBWorkID)10310953 035 $a(PQKB)10992971 035 $a(MiAaPQ)EBC351425 035 $a(Perlego)2774715 035 $a(EXLCZ)991000000000413901 100 $a20060428d2006 uy 0 101 0 $aeng 135 $aur|n|---||||| 181 $ctxt 182 $cc 183 $acr 200 10$aSea trout $ebiology, conservation, and management : proceedings of First International Sea Trout Symposium, Cardiff, July 2004 /$fedited by Graeme Harris and Nigel Milner 210 $aOxford ;$aAmes, Iowa $cBlackwell$d2006 215 $a1 online resource (522 p.) 300 $aDescription based upon print version of record. 311 08$a9781405129916 311 08$a1405129913 320 $aIncludes bibliographical references and index. 327 $aSEA TROUT:BIOLOGY, CONSERVATIONAND MANAGEMENT; Contents; Foreword; Preface; Opening Address 1. Sea Trout: AWelsh Perspective; Opening Address 2. Sea Trout and the Environment Agency; 1 Setting the Scene - Sea Trout in England and Wales - A Personal Perspective; Section 1STOCKS AND FISHERIES; 2 Patterns of Anadromy and Migrations of Pacific Salmon and Trout at Sea; 3 A Review of the Status of Irish Sea Trout Stocks; 4 Characteristics of the Sea Trout Salmo trutta (L.) Stock Collapse in the River Ewe (Wester Ross, Scotland), in 1988-2001 327 $a5 Characteristics of the Sea Trout (Salmo trutta L.) Stocks from the Owengowla and Invermore Fisheries, Connemara,Western Ireland, and Recent Trends in Marine Survival6 Annual Variation in Age Composition, Growth and Abundance of Adult Sea Trout Returning to the River Dee at Chester, 1991-2003; 7 Sea Trout Stock Descriptions in England and Wales; 8 The Rod and Net Sea Trout Fisheries of England and Wales; 9 General Overview of Turkish Sea Trout (Salmo trutta L.) Populations; 10 The Status and Exploitation of Sea Trout on the Finnish Coast of the Gulf of Bothnia in the Baltic Sea 327 $a11 Sea Trout (Salmo trutta L.) in European Salmon (Salmo salar L.) RiversSection 2GENETICS AND LIFE HISTORY; 12 Genetics of Sea Trout, with Particular Reference to Britain and Ireland; 13 The Genetic Basis of Smoltification: Functional Genomics Tools Facilitate the Search for the Needle in the Haystack; 14 Life History of the Anadromous Trout Salmo trutta; 15 Migration as a Life-History Strategy for the Sea Trout; 16 Life History of a SeaTrout (Salmo trutta L.) Population from the North-West Iberian Peninsula (River Ulla, Galicia, Spain) 327 $a17 Review and Perspectives on Molecular Genetic Approaches to Sea Trout BiologySection 3POPULATION DYNAMICS, ECOLOGYAND BEHAVIOUR; 18 A 35-Year Study of Stock-Recruitment Relationships in a Small Population of Sea Trout: Assumptions, Implications and Limitations for Predicting Targets; 19 Characteristics of the Burrishoole Sea Trout Population: Census, Marine Survival, Enhancement and Stock...Recruitment Relationship, 1971-2003; 20 Population Dynamics and Stock-Recruitment Relationship of Sea Trout in the River Bresle, Upper Normandy, France; Section 4MANAGING STOCKS AND FISHERIES 327 $a21 The Spawning Habitat Requirements of Sea Trout: A Multi-Scale Approach22 Research Activities and Management of Brown Trout and Sea Trout (Salmo trutta L.) in Denmark; 23 Stocking Sea Trout (Salmo trutta L.) in the River Shieldaig, Scotland; 24 Is Stocking with Sea Trout Compatible with the Conservation of Wild Trout (Salmo trutta L.)?; 25 Sea Lice Lepeophtheirus salmonis Infestations of Post-Smolt Sea Trout in Loch Shieldaig,Wester Ross, 1999-2003; 26 Comparison of Survival, Migration and Growth in Wild, Offspring from Wild (F1) and Domesticated Sea-Run Trout (Salmo trutta L.) 327 $a27 The Rapid Establishment of a Resident Brown Trout Population from Sea Trout Progeny Stocked in a Fishless Stream 330 $aThe Brown trout displays widely divergent life history strategies involving, variously, usage of streams, rivers, lakes, estuaries and the sea. The sea trout is the full sea-going form, it is very common and competes with salmon for the position of the most sought after migratory salmonid in many countries. Its use of freshwater, estuaries and coastal waters gives it a unique position as a sentinel species of environmental quality across these habitats. Although a commercially and recreationally important fish species, the management and scientific knowledge about sea trout has often been ov 606 $aSea trout$vCongresses 615 0$aSea trout 676 $a639.3/757 701 $aHarris$b Graeme$0920392 701 $aMilner$b Nigel$0920393 712 12$aInternational Sea Trout Symposium 801 0$bMiAaPQ 801 1$bMiAaPQ 801 2$bMiAaPQ 906 $aBOOK 912 $a9911019598603321 996 $aSea trout$92064412 997 $aUNINA LEADER 03258oas 2201249 a 450 001 9910139955803321 005 20260302165154.0 011 $a2291-7063 035 $a(DE-599)ZDB2070524-4 035 $a(OCoLC)53880937 035 $a(CONSER) 2008268005 035 $a(CKB)960239147858 035 $a(DE-599)2070524-4 035 $a(EXLCZ)99960239147858 100 $a20031210a19929999 sy 101 0 $aeng 135 $aur||||||||||| 181 $ctxt$2rdacontent 182 $cc$2rdamedia 183 $acr$2rdacarrier 200 10$aCanadian journal of human sexuality 210 $aEast York, Ont. $cSieccan, Sex Information and Education Council of Canada 300 $aRefereed/Peer-reviewed 300 $aPublished: Toronto, Ont. : Sieccan, <2000->. 311 08$a1188-4517 517 1 $aCJHS 606 $aSex$vPeriodicals 606 $aSexual disorders$xTreatment$vPeriodicals 606 $aSex instruction$vPeriodicals 606 $aSexual Behavior 606 $aSex Education 606 $aSexual Dysfunction, Physiological 606 $aSexualite?$vPe?riodiques 606 $aTroubles sexuels$xTraitement$vPe?riodiques 606 $aE?ducation sexuelle$vPe?riodiques 606 $aSex & Sexuality$2ebps 606 $aSex$2fast$3(OCoLC)fst01114160 606 $aSex instruction$2fast$3(OCoLC)fst01114491 606 $aSexual disorders$xTreatment$2fast$3(OCoLC)fst01114828 606 $aConducta sexual$2thub 606 $aTrastorns sexuals$2thub 606 $aEducació sexual$2thub 608 $aPeriodical. 608 $aperiodicals.$2aat 608 $aPeriodicals.$2fast 608 $aPeriodicals.$2lcgft 608 $aPe?riodiques.$2rvmgf 608 $aRevistes electròniques$2thub 615 0$aSex 615 0$aSexual disorders$xTreatment 615 0$aSex instruction 615 2$aSexual Behavior. 615 2$aSex Education. 615 2$aSexual Dysfunction, Physiological. 615 6$aSexualite? 615 6$aTroubles sexuels$xTraitement 615 6$aE?ducation sexuelle 615 7$aSex & Sexuality. 615 7$aSex. 615 7$aSex instruction. 615 7$aSexual disorders$xTreatment. 615 7$aConducta sexual 615 7$aTrastorns sexuals 615 7$aEducació sexual 676 $a616.6/906/05 712 02$aSieccan 801 0$bFQM 801 1$bFQM 801 2$bOCLCQ 801 2$bDLC 801 2$bSBH 801 2$bFJM 801 2$bCO3 801 2$bOCLCQ 801 2$bOCLCF 801 2$bOCLCQ 801 2$bDYJ 801 2$bUAB 801 2$bWT2 801 2$bNJR 801 2$bOCLCO 801 2$bILACE 801 2$bBUF 801 2$bOCLCQ 801 2$bTOF 801 2$bAU@ 801 2$bOCLCO 801 2$bWYU 801 2$bVT2 801 2$bU3W 801 2$bSFB 801 2$bCNMTR 801 2$bOCLCQ 801 2$bOCLCO 801 2$bOCLCA 801 2$bOCLCQ 801 2$bLDP 801 2$bVLY 801 2$bOCLCA 801 2$bOCLCQ 801 2$bUEJ 801 2$bSRU 801 2$bOCLCL 906 $aJOURNAL 912 $a9910139955803321 996 $aCanadian journal of human sexuality$92209534 997 $aUNINA